| 000 | 01095nam a22003371 4500 | ||
|---|---|---|---|
| 001 | 01107648 | ||
| 003 | DO-SdBNP | ||
| 005 | 20240614093948.0 | ||
| 007 | 01107648 | ||
| 008 | 920725s2005 pr spa | ||
| 017 |
_a _b |
||
| 020 | _a0847715515 | ||
| 035 | _a | ||
| 040 |
_aBPMSU _bspa _cBPMSU |
||
| 082 | 4 |
_a745.5 _bR621a 2005 _222 |
|
| 100 | 1 | _aRivera Lassén, Carmen Leonor | |
| 245 | 1 | 4 |
_aLas artesanías / _cCarmen Leonor Rivera-Lassén ; ilustraciones, Mrinali Álvarez Astacio. _b _h |
| 260 |
_aPuerto Rico : _bUniversidad de Puerto Rico, _c2005 |
||
| 300 |
_a26 p. : _bil,. ; _c26 cm |
||
| 490 | 0 |
_aNueve pecesitos ; _a Serie Raíces _v |
|
| 590 | _aInventariado, 2025/VM | ||
| 650 | 4 |
_aArtesanía _xEstudio y enseñanza |
|
| 650 | 4 |
_aLibros ilustrados infantiles _v _2 |
|
| 650 | 4 |
_aPintura moderna _zPuerto Rico _xEnseñanza |
|
| 700 | 1 |
_aÁlvarez Astacio, Mrinali _eilustración |
|
| 700 | 1 |
_aÁlvarez Oneill, Juan _cilustraciones |
|
| 710 | 2 | _aUniversidad de Puerto Rico | |
| 900 | _6 | ||
| 910 | _aVMateo V. Control de calidad. BPMSU | ||
| 942 |
_2ddc _cBK |
||
| 999 |
_c14667 _d14667 |
||